[Event "CCCSA IM Norm B 2019"]
[Site "Charlotte"]
[Date "2019.06.10"]
[Round "9.3"]
[White "Kumar, Nikhil"]
[Black "Mishra, Abhimanyu"]
[Result "0-1"]
[WhiteElo "2257"]
[BlackElo "2227"]
[Annotator "ChessBase"]
[PlyCount "184"]
[EventDate "2019.06.05"]
[EventType "tourn"]
[EventCountry "USA"]
[SourceTitle "playchess.com"]
[Source "ChessBase"]
[SourceQuality "1"]
[TimeControl "5400+30"]

1. d4 {[%emt 0:00:00]} Nf6 {[%emt 0:00:00]} 2. c4 {[%emt 0:00:00]} g6 {[%emt 0:00:00]} 3. Nc3 {[%emt 0:00:05]} d5 {[%emt 0:00:00]} 4. Bf4 {[%emt 0:00:37]} Bg7 {[%emt 0:00:13]} 5. e3 {[%emt 0:00:07]} c6 {[%emt 0:00:22]} 6. Rc1 {[%emt 0:00:23]} O-O {[%emt 0:03:25]} 7. c5 {[%emt 0:06:21]} Re8 {[%emt 0:05:44]} 8. Be2 {[%emt 0:00:43]} Nfd7 {[%emt 0:07:41]} 9. Nf3 {[%emt 0:01:10]} e5 {[%emt 0:03:25]} 10. Nxe5 {[%emt 0:00:13]} Nxe5 {[%emt 0:00:08]} 11. Bxe5 {[%emt 0:00:14]} Bxe5 {[%emt 0:00:10]} 12. dxe5 {[%emt 0:00:05]} Rxe5 {[%emt 0:03:19]} 13. O-O {[%emt 0:01:01]} Qe7 {[%emt 0:05:11]} 14. b4 {[%emt 0:07:30]} Nd7 {[%emt 0:01:26]} 15. Qd4 {[%emt 0:04:08]} Nf6 {[%emt 0:05:23]} 16. Rfd1 {[%emt 0:01:43]} Bf5 {[%emt 0:06:54]} 17. Rd2 {[%emt 0:06:59]} Re8 {[%emt 0:06:21]} 18. Rb2 {[%emt 0:04:04]} Ne4 {[%emt 0:06:17]} 19. Nd1 {[%emt 0:03:25]} h5 {[%emt 0:04:55]} 20. b5 {[%emt 0:01:31]} Bd7 {[%emt 0:05:48]} 21. a4 {[%emt 0:04:24]} Rc8 {[%emt 0:06:21]} 22. b6 {[%emt 0:13:41]} a6 {[%emt 0:03:28]} 23. f3 {[%emt 0:03:33]} Nf6 {[%emt 0:01:01]} 24. Rc3 {[%emt 0:00:13]} Re8 {[%emt 0:04:38]} 25. Qb4 {[%emt 0:03:00]} Bc8 {[%emt 0:01:56]} 26. Qd4 {[%emt 0:03:54]} g5 {[%emt 0:05:42]} 27. Bd3 {[%emt 0:04:33]} Bf5 {[%emt 0:03:09]} 28. Bxf5 {[%emt 0:08:03]} Rxf5 {[%emt 0:00:05]} 29. Rf2 {[%emt 0:08:03]} Re5 {[%emt 0:02:45]} 30. Re2 {[%emt 0:02:19]} Qe6 {[%emt 0:04:19]} 31. Nf2 {[%emt 0:01:19]} Qf5 {[%emt 0:01:38]} 32. h3 {[%emt 0:01:48]} g4 {[%emt 0:00:56]} 33. Nd3 {[%emt 0:05:42]} R5e7 {[%emt 0:01:55]} 34. fxg4 {[%emt 0:00:48]} Qg5 {[%emt 0:00:50]} 35. Rf2 {[%emt 0:02:31]} Ne4 {[%emt 0:00:58]} 36. Rf5 {[%emt 0:00:08]} Qg7 {[%emt 0:00:36]} 37. Rc2 {[%emt 0:02:25]} hxg4 {[%emt 0:00:31]} 38. Qxg7+ {[%emt 0:01:31]} Kxg7 {[%emt 0:00:01]} 39. hxg4 {[%emt 0:00:01]} f6 {[%emt 0:01:13]} 40. Nf4 {[%emt 0:01:11]} Ng3 {[%emt 0:00:35]} 41. Nh5+ {[%emt 0:00:01]} Nxh5 {[%emt 0:00:01]} 42. gxh5 {[%emt 0:00:01]} Rxe3 {[%emt 0:00:33]} 43. Rcf2 {[%emt 0:00:02]} R3e6 {[%emt 0:00:29]} 44. R2f3 {[%emt 0:01:00]} Rd8 {[%emt 0:00:43]} 45. R5f4 {[%emt 0:01:04]} Rd7 {[%emt 0:00:27]} 46. h6+ {[%emt 0:00:47]} Kg6 {[%emt 0:00:46]} 47. Rh4 {[%emt 0:00:37]} Kh7 {[%emt 0:00:35]} 48. Rg3 {[%emt 0:00:16]} f5 {[%emt 0:00:20]} 49. Rh5 {[%emt 0:00:29]} Rxh6 {[%emt 0:00:36]} 50. Rxf5 {[%emt 0:00:01]} Rg6 {[%emt 0:00:31]} 51. Rh5+ {[%emt 0:00:57]} Kg7 {[%emt 0:00:15]} 52. Rgh3 {[%emt 0:00:03]} Kf6 {[%emt 0:00:29]} 53. Rh8 {[%emt 0:00:37]} Rdg7 {[%emt 0:00:27]} 54. Rf3+ {[%emt 0:00:38]} Ke5 {[%emt 0:00:27]} 55. Rf2 {[%emt 0:00:23]} Rg4 {[%emt 0:00:43]} 56. Rh3 {[%emt 0:00:58]} Rxa4 {[%emt 0:00:20]} 57. Re2+ {[%emt 0:00:17]} Re4 {[%emt 0:00:18]} 58. Rd2 {[%emt 0:00:10]} Reg4 {[%emt 0:00:30]} 59. Re3+ {[%emt 0:00:14]} Re4 {[%emt 0:00:29]} 60. Rh3 {[%emt 0:00:05]} a5 {[%emt 0:00:54]} 61. Rh5+ {[%emt 0:00:39]} Ke6 {[%emt 0:00:24]} 62. Rh6+ {[%emt 0:00:40]} Ke7 {[%emt 0:00:27]} 63. Rh8 {[%emt 0:00:08]} Rc4 {[%emt 0:00:26]} 64. Rc8 {[%emt 0:01:05]} Kf6 {[%emt 0:00:36]} 65. Rc7 {[%emt 0:00:22]} Re4 {[%emt 0:00:30]} 66. Rf2+ {[%emt 0:00:21]} Kg6 {[%emt 0:00:01]} 67. Rf3 {[%emt 0:00:36]} Ree7 {[%emt 0:00:49]} 68. Rc8 {[%emt 0:00:02]} Rgf7 {[%emt 0:00:38]} 69. Ra8 {[%emt 0:01:58]} Rxf3 {[%emt 0:00:22]} 70. gxf3 {[%emt 0:00:01]} d4 {[%emt 0:00:54]} 71. Rxa5 {[%emt 0:00:36]} d3 {[%emt 0:00:20]} 72. Kf2 {[%emt 0:00:51]} d2 {[%emt 0:00:39]} 73. Ra1 {[%emt 0:00:04]} Re5 {[%emt 0:00:25]} 74. Rd1 {[%emt 0:00:36]} Rxc5 {[%emt 0:00:10]} 75. Rxd2 {[%emt 0:00:01]} Rb5 {[%emt 0:00:07]} 76. Kg3 {[%emt 0:00:10]} Kf5 {[%emt 0:00:30]} 77. Rd8 {[%emt 0:00:03]} Rxb6 {[%emt 0:00:41]} 78. Rf8+ {[%emt 0:00:04]} Ke5 {[%emt 0:00:52]} 79. Kg4 {[%emt 0:00:02]} Rb1 {[%emt 0:00:32]} 80. f4+ {[%emt 0:00:08]} Ke6 {[%emt 0:00:35]} 81. Re8+ {[%emt 0:01:05]} Kd5 {[%emt 0:00:30]} 82. f5 {[%emt 0:01:21]} Rf1 {[%emt 0:00:25]} 83. Rd8+ {[%emt 0:01:15]} Kc4 {[%emt 0:00:31]} 84. Re8 {[%emt 0:00:05]} b5 {[%emt 0:00:41]} 85. Re4+ {[%emt 0:00:27]} Kd5 {[%emt 0:00:22]} 86. Re8 {[%emt 0:00:56]} b4 {[%emt 0:00:36]} 87. Kg5 {[%emt 0:00:06]} b3 {[%emt 0:00:24]} 88. Rb8 {[%emt 0:00:12]} Kc4 {[%emt 0:00:06]} 89. f6 {[%emt 0:01:12]} c5 {[%emt 0:00:22]} 90. Kg6 {[%emt 0:00:08]} Kc3 {[%emt 0:00:20]} 91. f7 {[%emt 0:00:04]} b2 {[%emt 0:00:24]} 92. Kg7 {[%emt 0:00:15]} c4 {[%emt 0:00:11]} 0-1

[Event "CCCSA IM Norm B 2019"]
[Site "Charlotte"]
[Date "2019.06.10"]
[Round "9.4"]
[White "Kolay, Alex"]
[Black "Zapata, Alonso"]
[Result "1/2-1/2"]
[WhiteElo "2274"]
[BlackElo "2427"]
[Annotator "TA"]
[PlyCount "168"]
[EventDate "2019.06.05"]
[EventType "tourn"]
[EventCountry "USA"]
[SourceTitle "playchess.com"]
[Source "ChessBase"]
[SourceQuality "1"]

{[%evp 20,168,33,25,33,-20,25,-33,-28,-23,-26,-71,-64,-85,0,0,27,10,16,0,54,47,45,7,47,16,27,28,21,16,28,19,84,97,99,107,98,95,111,120,192,187,198,194,208,147,147,150,165,12,232,116,112,0,0,0,0,0,0,-26,10,-2,-2,-2,-3,-2,-3,-16,0,0,0,-6,0,-36,-21,-25,-3,-16,0,-17,0,-18,-6,-94,-83,-89,-85,-85,-100,-107,-35,-48,-5,-8,-8,-8,-8,-58,-58,-102,-30,-27,-20,-27,-15,-16,-14,-96,-89,-96,-10,-29,-6,-6,-6,-31,-15,-37,-33,-41,-35,-35,-35,-95,-35,-35,-16,-16,-16,-35,-35,-35,-35,-35,-35,-35,0,0,0,-8,0,-8,0,0,-8,-8,0,-8,0,-8,0]} 1. d4 Nf6 2. c4 g6 3. Nc3 Bg7 4. e4 d6 5. Nf3 O-O 6. h3 Nbd7 7. Bg5 e5 8. d5 a5 9. g4 Nc5 10. Nd2 c6 11. Be2 Bd7 {E92: King's Indian: Classical: 6 Be2 e5: 7 dxe5, 7 Be3 and Petrosian System without 7...Nbd7} 12. Rg1 (12. Qc2 $14) (12. h4 a4 13. a3 Qa5 14. Kf1 cxd5 15. cxd5 b5 16. Be3 Rab8 17. h5 b4 18. axb4 Rxb4 19. Bxc5 Qxc5 {0-1 (27) Grischuk,A (2792)-Morozevich,A (2731) Dubai 2014}) 12... a4 (12... b5 $5) 13. b4 $146 (13. a3 $11) ({Predecessor:} 13. a3 cxd5 14. cxd5 Qa5 15. Kf1 b5 16. Rg3 Rfb8 17. Rf3 {½-½ (57) Vorobjov,P (2233)-Seeman,T (2426) Tallinn 2018}) 13... axb3 $1 $15 {Black is slightly better.} 14. axb3 Qb6 15. Rb1 Qb4 16. Qc2 Ra3 (16... Ncxe4 $17 17. Ncxe4 Nxe4 18. Qxe4 f5) 17. Kf1 $1 $11 Rfa8 18. Kg2 Na6 19. Qb2 Nc7 (19... Nc5 $11) 20. Be3 Nfe8 21. f3 R3a5 22. Ra1 Rxa1 23. Rxa1 Rxa1 24. Qxa1 Bf6 25. Qb2 c5 (25... h5 $11) 26. Na2 $16 {[%cal Bc3a2,Ba2b4,Bb4d3,Bd3c5][%mdl 32]} Qa5 27. b4 cxb4 28. Nxb4 Bd8 29. Nd3 b5 (29... Qa6 $16 30. f4 exf4 31. Bxf4 Be7) 30. c5 $18 f6 {[#]} 31. g5 $1 {[%mdl 512]} Qa8 (31... fxg5 32. cxd6) 32. cxd6 Nxd6 33. Nc5 Be8 34. f4 $2 (34. gxf6 $1 $18 Bxf6 35. f4) 34... Nf7 $2 (34... Nxd5 $1 $11 {and Black has nothing to worry.} 35. exd5 exf4) 35. fxe5 (35. gxf6 $1 $18 Bxf6 36. Qb3) 35... fxe5 $16 36. d6 (36. Qc3 $16) 36... Nxd6 $11 37. Qxe5 Nf7 38. Qg3 Qc6 39. Ndb3 Qd6 40. Bf4 Qe7 {[%cal Rf7g5]} 41. h4 Ne6 42. Nxe6 Qxe6 43. Qd3 Bb6 44. Nd4 Qe7 45. Be3 b4 46. Nc2 Bc7 $36 {[%mdl 2048] Black is more active.} 47. Nd4 Qe5 {...Qh2+ is the strong threat.} 48. Nf3 Qe6 49. Nd2 Bd7 50. Bf2 Ne5 51. Qc2 {[#]} (51. Qd5 $11) 51... Qh3+ $1 $17 52. Kg1 Bd6 {And now ...Nd3! would win.} 53. Qa2+ Kf8 {( -> ...Ng4)} 54. Qd5 {[#]} Nf7 ({Better is} 54... Ke7 $1 $17 {White must now prevent ...Ng4.} 55. Qg8 Bc6) 55. Nf3 {With the idea e5.} Qe6 (55... b3 {looks sharper.} 56. Qxb3 Bh2+ 57. Kh1 Bg4 58. Qd3 Be5+) 56. Qa8+ Qe8 57. Qxe8+ Kxe8 58. Bc4 Bc6 59. Nd2 Ne5 ({Black should try} 59... Bf4 $17 60. Be1 Ne5) 60. Bg8 $11 Kf8 61. Bb3 Bb5 62. Kg2 Nd3 63. Kf3 (63. Bg3 $11 Bc5 64. Kf3) 63... Nxf2 $17 64. Kxf2 {[%mdl 4096] Endgame KBB-KBN} Bf4 (64... Ke7 $17) 65. Nf3 Bc6 66. Nd4 {Threatens to win with Ne6+.} Bd7 67. Kf3 Bd2 68. Nc2 Bc3 69. Ke3 Bg4 70. Nd4 Be1 71. Nc6 ({White should play} 71. Kf4 $15 Bd7 72. e5) 71... Bxh4 (71... Bc8 $17) 72. Kf4 $15 Be2 73. Nxb4 Be1 74. Nd5 Bd2+ 75. Ne3 Kg7 76. e5 Bd3 77. Kf3 Bc3 78. e6 {The position is equal.} Bb5 79. Nd5 Be5 80. Nb6 Bd6 81. Ke4 Be7 82. Kf4 Bd6+ 83. Ke4 Kf8 84. Nd7+ Bxd7 {Accuracy: White = 43%, Black = 34%.} 1/2-1/2